00834 2200265 4500001002100000005001700021008004100038035002500079082001300104090002000117100003200137245013400169250001100303260003700314300002300351500005100374650003200425700001400457700002000471700001900491850001200510990001500522990001500537990001600552YOGYA-0209000000572720150414131447.0 ind  a0010-020900000005727 a297.1302 a297.1302bHus M aHUSEIN BIN MUHSIN ALI JABIR aMembentuk jamaatul muslimincHusein bin Muhsin bin Ali Jabir ; penerjemah, Abu Fahmi ; Rahmat Jenudin ; penyunting, Asri Al-Jufri aCet. 3 aJakartabGema Insani Pressc1993 a355 hlm. ;c21 cm. aJudul asli : Ath-thoriq ilaa jamaatil muslimin aIslam - Organisasi - Muslim aAbu Fahmi aJenudin, Rahmat aAl-Jufri, Asri aYOPDYOG a97525-P/97 a97527-P/97 a107120-P/98